000
00292nam a2200109Ia 4500
008
180205s9999 xx 000 0 und d
020
_a
9789710172443
100
_a
Reyes, Edgardo M.
245
_a
Mga uod at rosas /
260
_a
Quezon City
_b
C & E publishing
_c
2010
300
_a
vii, 183 pages
999
_c
354812
_d
354812